Liste des noms de pays ne contenant qu'une seule voyelle - Statistiques

Statistiques générales
  • Ce quiz a été pris 80 fois
  • Le résultat moyen est 8 sur 15
Statistiques - réponses
Pays % Correct
Canada
84%
Togo
80%
Panama
66%
Chili
64%
Kosovo
62%
Fidji
56%
Ghana
56%
Tchad
56%
Qatar
51%
Grèce
49%
Madagascar
46%
Rwanda
44%
Bahamas
39%
Kazakhstan
30%
Congo
26%
Aucun quiz correspondant
Distribution des résultats
% des personnes avec chaque résultat
Percentile par nombre de réponses
Votre historique - résultats
Vous n’avez pas pris ce quiz